000 00548nam a2200169Ia 4500
008 090201s9999 xx 000 0 und d
010 _aKPL-57318
040 _bमराठी
041 _aमराठी
082 _a10450
_b57318
100 _aमाधव सोळंकी
245 _aनेहरु युगाच्या आठवणी
_cमाधव सोळंकी
260 _c2004
_bविनय
300 _a262
_bमोठा
600 _aनेहरु युगाच्या आठवणी
942 _cBOOK
999 _c210900
_d210900